[Event "Alekhine Memorial"]
[Site "Paris/St Petersburg"]
[Date "2013.04.22"]
[Round "2"]
[White "Aronian, Levon"]
[Black "Kramnik, Vladimir"]
[Result "1-0"]
[WhiteElo "2809"]
[BlackElo "2801"]
[Annotator "Aronian,L"]
[PlyCount "104"]
[EventDate "2013.04.21"]
[EventType "tourn"]
[EventRounds "9"]
[EventCountry "FRA"]
[EventCategory "20"]
[SourceTitle "CBM 154"]
[Source "ChessBase"]
[SourceDate "2013.05.15"]
[SourceVersion "1"]
[SourceVersionDate "2013.05.15"]
[SourceQuality "1"]

1. d4 {This game was played in the second round. In the first, I lost a
textbook game to Ding Liren and was extremely determined to bounce back.} Nf6
2. c4 e6 3. Nf3 d5 4. Nc3 c5 {Kramnik is a great lover of solid systems as
Black. In recent times, he has started to play the Semi-Tarrasch Defence.} 5.
cxd5 Nxd5 6. e4 {At the London Candidates, I tried 6.e3 against Vladimir.
After a poor experience, I decided not to repeat it.} Nxc3 7. bxc3 cxd4 8. cxd4
Bb4+ 9. Bd2 Bxd2+ 10. Qxd2 O-O {From the viewpoint of all we are taught as
youngsters, Black's play looks wrong - he has exchanged off his developed
pieces and conceded the centre. The idea of the line is that, despite his
relative passivity, Black has decent play, because White is not yet ready to
create a passed pawn with d5 since Black always obtains the c5-square for his
pieces.} 11. Rc1 {With this decision, White tries to delay the development of
his bishop and give Black the right to choose a plan.} b6 {The most natural.} (
{In the event of} 11... Nc6 12. Be2 {Black has to lose time to develop the
bishop to its "rightful" square on b7.}) 12. Bd3 Bb7 13. O-O Nd7 {In my
preparation, I thought the main move was 13...h6, so as not to commit the
knight yet. 13...Nc6 is also possible, and leads after 14.d5 to an interesting
position, the assessment of which will have to be decided after future games.}
14. Qe3 Rc8 ({After} 14... Nf6 15. Ne5 {followed by f3, White's advantage may
not be great, but is stable. After long thought, Vladimir allows me to advance
the typical e5.}) 15. e5 {Now White threatens to transfer his knight to d6.}
Bxf3 {My opponent used a lot of time on this important and interesting
decision.} 16. Qxf3 Qh4 {Black tries to develop harmoniously by tempo-gaining
play.} 17. Qe3 {After thinking for 30 minutes, I decided to follow an active
plan.} ({Of course, I wanted to drive the knight back to b8 with} 17. Bb5 {
, but I still do not know how then to continue to play for an advantage.})
17... Rfd8 {Now Black wants to quickly play Nf8-Ng6. It is interesting that
many computer programs want to play ...g6 as Black at various points,
completely depriving Black's previous play of any momentum.} 18. f4 {White's
main idea is to exchange his f-pawn for the e-pawn and obtain a passed d-pawn.
This is a very concrete idea, asociated with the temporarily bad position of
the enemy knight.} Nf8 {As my opponent correctly pointed out after the game,
the correct line was first to exchange on c1 and only then play Nf8. Now Black
falls into problems which are hard to resolve over the board.} 19. Rxc8 Rxc8
20. f5 exf5 {I thought Black's correct move was 20...Rd8, but I suspected my
opponent would seek a clearer way of playing.} ({After} 20... Rd8 {the cold}
21. Rf4 {is less effective, because with the subtle} Qg5 {with the idea} 22. h4
Qh6 {Black prevents the advance g4. I was prepared to fight for the advantage
with 21.Be4 although I realised that my task would be more complicated then.})
21. Bxf5 Rd8 22. Rd1 {As Vladimir admitted afterwards, he had underestimated
this move. Now White has a lasting advantage.} Ng6 23. Bxg6 {This decision may
not be strongest, but it is easy to understand from the practical viewpoint.
Because is there anything nicer in the world than to play a position, in which
the opponent has absolutely no counterplay?} hxg6 24. d5 Qc4 25. d6 Qe6 ({
Taking on a2 -} 25... Qxa2 {leads to a dangerous position after} 26. Qg5 f6 (
26... Rd7 {is bad because of} 27. Rc1) 27. exf6 Qf7 28. fxg7 {With such a king,
defending will be virtually impossible.}) 26. Qg3 {The position should be
winning for White, with best play. The main motif is the threat to exchange
queens.} b5 27. h3 {With this move, I set a small trap.} a6 ({Of course,
taking on a2 is bad for the same reason as before, but it is tempting to play} 
27... b4 {Then White has the strong idea} 28. Qg5 f6 29. exf6 Rxd6 30. f7+ $1 {
After} Kxf7 31. Qf4+ Ke7 32. Qxb4 {I thought it would be impossible to defend
such a position, with an exposed king on e7.}) 28. Qe3 {An impatient move.} ({
After} 28. Kh1 {or any other waiting move, Black is in zugzwang, since after}
Rd7 {there is} 29. Rc1 {and any other move so weakens Black's position, that
the realisation of White's advantage becomes easier.}) 28... Rd7 {Black
prepares to play f6. It cannot be played at once, because after 29.Qb6 the
a6-b5 pawns are attacked.} 29. Qc5 Kh7 $2 {A mistake.} ({The only chance to
continue the fight was} 29... f6 {But to play this, one must see what we both
missed! It turns out that after} 30. exf6 gxf6 31. Qc8+ {Black loses the
a6-pawn and after} Kg7 32. Qxa6 Qe2 ({But he has the amazing resource} 32...
Qe3+ 33. Kh1 Qc5 {drawing, since the white queen is absolutely helpless and
the pawn on d6 is not going anywhere.}) 33. Rb1 {has a difficult ending.}) ({
After} 29... f6 {I would have had to play} 30. exf6 gxf6 31. Qc6 {with an
advantage which, with correct play, should not be enough to win.}) 30. Qd5 Qe8
{Of course, Black cannot exchange queens. Now only a miracle can save Black.}
31. Rc1 Qd8 32. Rc6 {Defending against ...f6.} Qg5 33. Qd4 Rd8 34. Rc5 {
Remarkable carelessness!} Qg3 {Thanks to my lapse, Black again has chances to
save the game!} ({After} 34... f6 35. e6 ({Probably he has to play} 35. Kh2
fxe5 36. Rxe5 Qf6 37. Rd5 {obtaining a position where it is hard to win.})
35... Qg3 {White cannot simultaneously defend the e6-pawn and d6 pawn.}) 35.
Qf2 {After the exchange of queens, the activity of the white king decides the
game.} Qxf2+ 36. Kxf2 f6 37. Rc6 {The attractive 37.Rc8 was also possible, but
as Tal once sadly pointed out, you only get one point for each victory.} fxe5
38. Ke3 Kg8 39. Ke4 Kf7 40. Kd5 {White also wins easily after 40.Ke5. The text
move seems more natural to me.} a5 41. Rc5 {White's position is so winning
that even such an expert at turning winning positions into draws as myself
cannot fail to win it.} b4 {The advance e5-e4 always fails to the rook
transfer to e7.} 42. Rxa5 Kf6 43. Ra7 Rb8 44. Kc6 b3 45. axb3 Rxb3 46. Ra8 Rc3+
47. Kd7 e4 48. Rf8+ Kg5 49. Ke7 e3 50. d7 e2 51. d8=Q e1=Q+ 52. Kd6+ Qe7+ 1-0

[Event "Dortmund SuperGM 41st"]
[Site "Dortmund"]
[Date "2013.07.27"]
[Round "2"]
[White "Naiditsch, Arkadij"]
[Black "Kramnik, Vladimir"]
[Result "1/2-1/2"]
[WhiteElo "2710"]
[BlackElo "2784"]
[Annotator "Marin,M"]
[PlyCount "77"]
[EventDate "2013.07.26"]
[EventType "tourn"]
[EventRounds "9"]
[EventCountry "GER"]
[EventCategory "19"]
[SourceTitle "CBM 156"]
[Source "ChessBase"]
[SourceDate "2013.09.17"]
[SourceVersion "1"]
[SourceVersionDate "2013.09.17"]
[SourceQuality "1"]

1. e4 e5 2. Nf3 Nc6 3. Bb5 Nf6 4. O-O Nxe4 5. Re1 Nd6 6. Nxe5 Be7 7. Bf1 Nxe5
8. Rxe5 O-O 9. Nc3 Ne8 10. Nd5 Bd6 11. Re1 c6 12. Ne3 Bc7 13. Nf5 d5 14. Ne7+
Kh8 15. Nxc8 Rxc8 {White has got the bishop pair, but his delay in development
prevents him from claiming a palpable advantage. Especially against Kramnik!}
16. d3 (16. d4 Nf6 17. g3 Qd7 18. Qd3 Rce8 19. Be3 a6 20. f3 Re7 21. Bg5 Rfe8
22. Rxe7 Rxe7 23. b4 h6 24. Bxf6 gxf6 {White's position certainly is pleasant
to play, but a win proved impossible in Polgar,J (2698)-Akopian,V (2687)/
Istanbul 2012/CBM 151 (1/2, 94)}) 16... Nf6 17. c3 $146 (17. Qf3 Qd6 18. g3 {
Vallejo Pons,F (2696)-Hansen,S (2552)/Novi Sad 2009/CBM 133 (1/2, 57)}) 17...
Qd7 18. g3 Rce8 19. Bd2 Qf5 20. Kg2 Ng4 $132 21. f3 {Black will soon take the
initiative.} Ne5 22. Bf4 g5 23. Bxe5+ Rxe5 24. Rxe5 Qxe5 25. d4 Qe3 26. Qc2 f5
27. Bd3 g4 28. Rf1 f4 29. Qe2 Re8 30. Rf2 fxg3 31. hxg3 Kg7 32. Qxe3 Rxe3 33.
Bf5 h5 34. Bc8 b6 35. Bb7 Re6 36. Bc8 Re3 37. Bb7 Re6 38. Bc8 Re3 39. Bb7
1/2-1/2

[Event "Dortmund SuperGM 41st"]
[Site "Dortmund"]
[Date "2013.07.29"]
[Round "4"]
[White "Meier, Georg"]
[Black "Kramnik, Vladimir"]
[Result "0-1"]
[WhiteElo "2610"]
[BlackElo "2784"]
[Annotator "Marin,M"]
[PlyCount "76"]
[EventDate "2013.07.26"]
[EventType "tourn"]
[EventRounds "9"]
[EventCountry "GER"]
[EventCategory "19"]
[SourceTitle "CBM 156"]
[Source "ChessBase"]
[SourceDate "2013.09.17"]
[SourceVersion "1"]
[SourceVersionDate "2013.09.17"]
[SourceQuality "1"]

1. Nf3 d5 2. d4 Nf6 3. c4 e6 4. g3 Be7 5. Bg2 O-O 6. O-O dxc4 7. Qc2 a6 8. Qxc4
b5 9. Qc2 Bb7 10. Bd2 Ra7 11. Rc1 Be4 12. Qd1 Bxf3 13. Bxf3 Qxd4 14. a4 (14.
Be3 Qxd1+ 15. Rxd1 c5 {Nielsen,P (2652)-Short,N (2684)/playchess.com INT 2004/
EXT 2005 (1/2, 44)}) 14... c6 15. Qb3 Rd7 16. Bf4 Nd5 17. Bxb8 {A safe way to
retrieve the pawn, but if White needs to spend three tempi with his bishop to
exchange it for an undeveloped knight, then something is surely wrong with the
opening.} Rxb8 18. Rxc6 Nb4 19. Rc1 Bc5 20. Rf1 {This rook has moved a lot
before returning to its location. Little wonder that Black has grabbed the
initiative already.} bxa4 21. Qxa4 Rc7 22. Nc3 Qe5 23. Rfd1 h5 24. Kg2 h4 25.
Ne4 Bf8 26. Rac1 Rxc1 27. Rxc1 Qxb2 28. Rc7 Qe5 29. Qd7 Qf5 30. g4 Qf4 31. g5
Nd5 32. Nf6+ Qxf6 33. Qxd5 Qg6 34. Qe5 Rb5 35. Qf4 Rf5 36. Qe4 Qxg5+ 37. Kh3
Rf4 38. Qd3 g6 0-1